000 004530000a22001810004500
003 MACL
005 20160119140836.0
008 160119b xxu||||| |||| 00| 0 eng d
040 _aMACL
_cMACL
041 _aEnglish
082 _a005.11/ROB
100 _aRobbins,Curt
_933219
245 _aLearning HTML 4.0
260 _bBP B Publications
_c2001
_aNew Delhi
350 _a240
650 _aComputer programing
_933180
942 _cBK
_k005.11/ Rob
_2ddc
999 _c32660
_d32660